000 00305nam a22001337a 4500
008 180110b xxu||||| |||| 00| 0 eng d
020 _a9780810912564
041 _aeng
080 _a7
100 _a44
101 _aART
245 _aFIRST IMPRESSIONS LEONARDO DA VINCI
_cMcLANATHAN,R
942 _2udc
_cBK
999 _c40010
_d40010